MARC details
| 000 -CABECERA |
| campo de control de longitud fija |
01814nam a2200325 i 4500 |
| 003 - IDENTIFICADOR DEL NÚMERO DE CONTROL |
| campo de control |
DO-SdBNP |
| 005 - FECHA Y HORA DE LA ÚLTIMA TRANSACCIÓN |
| campo de control |
20250704135414.0 |
| 007 - CAMPO FIJO DE DESCRIPCIÓN FÍSICA--INFORMACIÓN GENERAL |
| campo de control de longitud fija |
ta |
| 008 - DATOS DE LONGITUD FIJA--INFORMACIÓN GENERAL |
| campo de control de longitud fija |
250704s2008 dr co 000 0 spa d |
| 040 ## - FUENTE DE LA CATALOGACIÓN |
| Centro catalogador/agencia de origen |
DO-SdBNP |
| Lengua de catalogación |
spa |
| Centro/agencia transcriptor |
BNPHU |
| Normas de descripción |
rda |
| 082 ## - NÚMERO DE LA CLASIFICACIÓN DECIMAL DEWEY |
| Número de clasificación |
xxxx |
| Número de documento/Ítem |
M986 |
| Número de edición |
22 |
| 110 1# - ENTRADA PRINCIPAL--NOMBRE DE ENTIDAD CORPORATIVA |
| Nombre de entidad corporativa o nombre de jurisdicción como elemento de entrada |
Museo Bellapart |
| 9 (RLIN) |
78529 |
| 245 10 - MENCIÓN DE TÍTULO |
| Título |
Colson Errante / |
| Mención de responsabilidad, etc. |
textos, Abelardo Mena Chicuri, María Ugarte, Marianne de Tolentino, Ricardo Ramón Jarne ; fotografías, Roberto Carrera, Gianfranco Lanzetti |
| 264 #1 - PRODUCCIÓN, PUBLICACIÓN, DISTRIBUCIÓN, FABRICACIÓN Y COPYRIGHT |
| Producción, publicación, distribución, fabricación y copyright |
Santo Domingo : |
| Nombre del de productor, editor, distribuidor, fabricante |
Meseo Bellapart, |
| Fecha de producción, publicación, distribución, fabricación o copyright |
2008. |
| 300 ## - DESCRIPCIÓN FÍSICA |
| Extensión |
175 páginas, |
| Otras características físicas |
retratos, fotografías |
| Dimensiones |
33 cm. |
| 336 ## - TIPO DE CONTENIDO |
| Fuente |
rdacontent |
| Término de tipo de contenido |
texto |
| Código de tipo de contenido |
txt |
| 337 ## - TIPO DE MEDIO |
| Fuente |
rdamedia |
| Nombre/término del tipo de medio |
sin mediación |
| Código del tipo de medio |
n |
| 338 ## - TIPO DE SOPORTE |
| Fuente |
rdacarrier |
| Nombre/término del tipo de soporte |
volumen |
| Código del tipo de soporte |
nc |
| 500 ## - NOTA GENERAL |
| Nota general |
Museo Bellapart 20 de noviembre de 2008 en la sala de exposiciones temporales. |
| 505 ## - NOTA DE CONTENIDO CON FORMATO |
| Título |
Un sueño hecho realidad -- |
| Mención de responsabilidad |
Juan José Bellapart, / |
| Título |
Colson: fuerza e instinto creador. -- |
| Mención de responsabilidad |
Paula Gómez Jorge, / |
| Título |
Jaime Colson en el museo Bellapart. -- |
| Mención de responsabilidad |
Ricardo Ramón Jarne / |
| Título |
Jaime Colson: desde el caribe a la modernidad -- |
| Mención de responsabilidad |
Abelardo G. Mena Chicuri. / |
| Título |
Las pasiones de Colson. -- |
| Mención de responsabilidad |
Marianne de Tolentino, / |
| Título |
Jaime Colson considera que el arte contemporáneo está barbarizado -- |
| Mención de responsabilidad |
María Ugarte, / |
| Título |
Los pasos de Colson 1918-1958 -- |
| -- |
Cronología 1901-2008 -- |
| -- |
Perfil biográfico de autores -- |
| -- |
Catálogo de obras -- |
| -- |
Bibliografía / |
| 590 ## - NOTA LOCAL (RLIN) |
| Nota local |
Inventariado, 2025/ YL |
| 700 1# - PUNTO DE ACCESO ADICIONAL--NOMBRE DE PERSONA |
| Nombre de persona |
Mena Chicuri, Abelardo |
| Término indicativo de función/relación |
textos |
| 9 (RLIN) |
84936 |
| Código de función/relación |
tex. |
| 700 1# - PUNTO DE ACCESO ADICIONAL--NOMBRE DE PERSONA |
| Nombre de persona |
Ugarte, María |
| Término indicativo de función/relación |
textos |
| Código de función/relación |
tex. |
| 9 (RLIN) |
88267 |
| 700 1# - PUNTO DE ACCESO ADICIONAL--NOMBRE DE PERSONA |
| Nombre de persona |
Tolentino, Marianne de |
| Término indicativo de función/relación |
textos |
| Código de función/relación |
tex. |
| 9 (RLIN) |
15222 |
| 700 1# - PUNTO DE ACCESO ADICIONAL--NOMBRE DE PERSONA |
| Nombre de persona |
Jarne, Ricardo Ramón |
| Término indicativo de función/relación |
textos |
| Código de función/relación |
tex. |
| 9 (RLIN) |
57611 |
| 700 1# - PUNTO DE ACCESO ADICIONAL--NOMBRE DE PERSONA |
| Nombre de persona |
Carrera, Roberto |
| Término indicativo de función/relación |
fotografías |
| Código de función/relación |
fot. |
| 9 (RLIN) |
88268 |
| 700 1# - PUNTO DE ACCESO ADICIONAL--NOMBRE DE PERSONA |
| Nombre de persona |
Lanzetti, Gianfranco |
| Término indicativo de función/relación |
fotografías |
| Código de función/relación |
fot. |
| 9 (RLIN) |
62924 |
| 910 ## - DATOS DE OPCIÓN DEL USUARIO (OCLC) |
| Datos de opción del usuario |
YLockward |
| 942 ## - ELEMENTOS DE PUNTO DE ACCESO ADICIONAL (KOHA) |
| Fuente del sistema de clasificación o colocación |
Dewey Decimal Classification |
| Tipo de ítem Koha |
Libro |